Mother Jones/
Furkejuvvon:
| Searvvušdahkki: | |
|---|---|
| Materiálatiipa: | Girji |
| Giella: | Spanish |
| Almmustuhtton: |
San Francisco, Estados Unidos:
Foundation for National Progress
|
| Fáttát: | |
| Fáddágilkorat: |
Lasit fáddágilkoriid
Eai fáddágilkorat, Lasit vuosttaš fáddágilkora!
|
MARC
| LEADER | 00000nam a22000007a 4500 | ||
|---|---|---|---|
| 003 | cru CIDCACS/IIS | ||
| 005 | 20200729122103.0 | ||
| 007 | ta | ||
| 008 | 200729n -us|||p|r||||||0| ||spa|d | ||
| 999 | |c 43274 |d 43274 | ||
| 022 | |a 1362884 | ||
| 040 | |c cru CIDCACS/IIS | ||
| 090 | |a REV1160 | ||
| 110 | 2 | |9 9476 |a Foundation for National Progress | |
| 245 | 1 | |a Mother Jones/ |c Foundation for National Progress | |
| 260 | |a San Francisco, Estados Unidos: |b Foundation for National Progress | ||
| 270 | |a Third street, fourth floor San Francisco, C..A 94107 San Francisco |d Estados Unidos | ||
| 500 | |a EXISTENCIAS : 1981 6 (5) mensual | ||
| 500 | |a ejemplar único en base Cepal | ||
| 650 | 4 | |9 2646 |a RELACIONES INTERNACIONALES | |
| 650 | 4 | |9 1921 |a INTERVENCION EXTRANJERA | |
| 650 | 4 | |9 1934 |a MILITARISMO | |
| 650 | 0 | |9 370 |a POLITICA EXTERIOR | |
| 650 | 0 | |9 133 |a VIOLENCIA | |
| 650 | 0 | |9 8239 |a ARMAMENTISMO | |
| 650 | 0 | |9 70 |a FUERZAS ARMADAS | |
| 650 | 4 | |9 3217 |a PROBLEMAS POLITICOS | |
| 651 | 0 | |9 308 |a CENTROAMERICA | |
| 942 | |2 ddc |c PP | ||
